Vizionářský průzkum trhu. 1
Manažment potrebuje k zvládnutiu stále dynamickejších a komplexnejších trhov novú kvalitu informácií, ktoré podnecujú vízie a motiváciu. Potreba zmeny tradičného prieskumu trhu. Koncepcia budúceho vizionárskeho prieskumu trhu. Jeho 7 charakteristických hľadísk.
Salvato in:
| Natura: | Capitolo di libro |
|---|---|
| Lingua: | ceco |
| Soggetti: | |
| Tags: |
Nessun Tag, puoi essere il primo ad aggiungerne!!
|
MARC
| LEADER | 00000naa a2200000 4500 | ||
|---|---|---|---|
| 001 | r015639 | ||
| 005 | 20221213082615.7 | ||
| 041 | 0 | |a cze | |
| 044 | |a CZ | ||
| 245 | 1 | 0 | |a Vizionářský průzkum trhu. 1 |
| 520 | |a Manažment potrebuje k zvládnutiu stále dynamickejších a komplexnejších trhov novú kvalitu informácií, ktoré podnecujú vízie a motiváciu. Potreba zmeny tradičného prieskumu trhu. Koncepcia budúceho vizionárskeho prieskumu trhu. Jeho 7 charakteristických hľadísk. | ||
| 610 | 2 | 0 | |a marketing |
| 610 | 2 | 0 | |a manažment |
| 610 | 2 | 0 | |a prieskum trhu |
| 610 | 2 | 0 | |a zákazníci |
| 610 | 2 | 0 | |a odbyt |
| 610 | 2 | 0 | |a zdroje informácií |